Statistics for Top 50 Most Beautiful Countries

Click here to take the quiz!

General Stats

  • This quiz has been taken 89 times
    (48 since last reset)
  • The average score is 39 of 50

Answer Stats

Country% Correct
Brazil
98%
United States
98%
China
95%
Italy
95%
Japan
95%
Mexico
95%
Spain
95%
Canada
93%
Colombia
93%
Germany
93%
France
90%
India
90%
Indonesia
90%
Norway
90%
Portugal
90%
Sweden
90%
Australia
88%
Finland
88%
Peru
88%
Switzerland
88%
Argentina
85%
Chile
85%
Egypt
85%
New Zealand
85%
Russia
85%
South Africa
85%
Turkey
85%
Austria
80%
Greece
80%
Ireland
80%
Thailand
80%
Netherlands
78%
Philippines
78%
Ukraine
78%
Vietnam
73%
Iceland
71%
Croatia
68%
Uruguay
68%
Morocco
66%
Romania
66%
Czech Republic
63%
Cambodia
61%
Costa Rica
61%
Nepal
61%
Dominican Republic
59%
Hungary
59%
Jordan
46%
Guatemala
39%
Lebanon
39%
Montenegro
27%

Score Distribution

Percentile by Number Answered

Percent of People with Each Score

Your Score History

You have not taken this quiz since the last reset